| 000 | 00554nam a22001937a 4500 | ||
|---|---|---|---|
| 005 | 20220810151501.0 | ||
| 008 | 220810b |||||||| |||| 00| 0 eng d | ||
| 020 | _a1-84265-126-9 | ||
| 082 | _a005.42 | ||
| 100 | _aKrishnamoorthy, C. S. | ||
| 245 | _aComputer Aided Design: Software and Analytical Tools | ||
| 250 | _a2nd ed. | ||
| 260 |
_aHarrow _bAlpha Science International Ltd. _c2005 |
||
| 300 | _aix, 374p.: ill.; 25cm | ||
| 500 | _aIncludes References and Index | ||
| 700 | _aRajeev, S. | ||
| 700 | _aRajaraman, A. | ||
| 942 |
_2ddc _cBK _n0 |
||
| 999 |
_c21546 _d21546 |
||